000 00769nam a22002057a 4500
999 _c61694
_d61694
005 20240418094812.0
008 240418s2000 enk||||| |||| 00| 0 eng d
020 _a9780896037939x
041 _aeng
080 _a616.8 N-50
245 _aNeural Transplantation Methods /
_cEdited Stephen B. Dunnett, Alan A. Boulton, Glen B. Baker.
264 _aNew Jersey :
_bHuman Press,
_c2000.
300 _a556 p.:
_bill.;
_c24 cm.
653 _aნერვული გადანერგვა
653 _aმედიცინა
700 _aDunnett, Stephen B.
_eრედაქტორი
_921843
700 _aBoulton, Alan A.
_eრედაქტორი
_921844
700 _aBaker, Glen B.
_eრედაქტორი
_921845
942 _2udc
_cᲬᲘᲒᲜᲘ